000 00360nam a2200181Ia 4500
100 _aWhite/Tom
650 _aHadoop
250 _a3
942 _cBK
366 _f25
654 _ahadoop
245 _aHadoop:The definitive Guide
260 _bOreilly
_c2012
082 _a5.133
_bWHI
300 _a657
546 _aENGLISH
_celectronics
999 _c23215
_d23215